Strategic marketing management : (Record no. 344401)
[ view plain ]
| 000 -LEADER | |
|---|---|
| fixed length control field | 01276 a2200205 4500 |
| 020 ## - INTERNATIONAL STANDARD BOOK NUMBER | |
| International Standard Book Number | 0071372229 |
| 020 ## - INTERNATIONAL STANDARD BOOK NUMBER | |
| International Standard Book Number | 9780071372220 |
| 082 04 - DEWEY DECIMAL CLASSIFICATION NUMBER | |
| Classification number | 658.8 |
| 090 ## - LOCALLY ASSIGNED LC-TYPE CALL NUMBER (OCLC); LOCAL CALL NUMBER (RLIN) | |
| -- | 1890 |
| -- | 1890 |
| 100 1# - MAIN ENTRY--PERSONAL NAME | |
| Personal name | Parry, Mark E. |
| 245 10 - TITLE STATEMENT | |
| Title | Strategic marketing management : |
| Remainder of title | a means-end approach / |
| Statement of responsibility, etc. | Mark E. Parry. |
| 250 ## - EDITION STATEMENT | |
| Edition statement | 1st ed. |
| 260 ## - PUBLICATION, DISTRIBUTION, ETC. | |
| Place of publication, distribution, etc. | [S.l.] : |
| Name of publisher, distributor, etc. | McGraw-Hill, |
| Date of publication, distribution, etc. | 2001. |
| 300 ## - PHYSICAL DESCRIPTION | |
| Extent | 256 p. ; |
| Dimensions | 24 cm. |
| 500 ## - GENERAL NOTE | |
| General note | Hardcover. |
| 520 ## - SUMMARY, ETC. | |
| Summary, etc. | Strategic Marketing Management provides a logical approach for developing and positioning corporate and product brands, and skillfully managing those brand positions over time. Case studies and examples illustrate how to maximize benefits from a "first-mover" strategy, navigate a brand extension, set priorities when establishing brand meanings, and more. Whether branding new product lines or managing brand meanings for established products, this accessible, concise guide helps marketing executives assess market trends, make branding decisions quickly and confidently--then execute those decisions with precision. |
| 856 40 - ELECTRONIC LOCATION AND ACCESS | |
| Materials specified | Amazon.com |
| Uniform Resource Identifier | <a href="http://www.amazon.com/exec/obidos/ASIN/0071372229/chopaconline-20">http://www.amazon.com/exec/obidos/ASIN/0071372229/chopaconline-20</a> |
| 856 40 - ELECTRONIC LOCATION AND ACCESS | |
| Materials specified | Amazon customer reviews |
| Uniform Resource Identifier | <a href="http://www.chopac.org/cgi-bin/tools/azrev.pl?q=0071372229">http://www.chopac.org/cgi-bin/tools/azrev.pl?q=0071372229</a> |
| 942 ## - ADDED ENTRY ELEMENTS (KOHA) | |
| Institution code [OBSOLETE] | NBS |
| Koha item type | Book |
| Call number prefix | 658.8 PAR |
| Withdrawn status | Lost status | Damaged status | Not for loan | Permanent Location | Current Location | Date acquired | Total Checkouts | Full call number | Barcode | Date last seen | Price effective from | Koha item type | Source of classification or shelving scheme | Collection code | Shelving location |
|---|---|---|---|---|---|---|---|---|---|---|---|---|---|---|---|
| Central Library (CL) | Central Library (CL) | 08/28/2013 | 658.8 PAR | NBS7159 | 08/28/2013 | 08/28/2013 | Book | ||||||||
| Central Library (CL) | Central Library (CL) | 08/17/2015 | 658.8 PAR | NBS6718 | 08/17/2015 | 08/17/2015 | Book | General Stacks |
